000 00633nam a2200229 i 4500
001 C2-0270490
003 PPAK
005 20180728000844.0
008 060809s2006 my a|||| ||||| | may d
020 _a9839736795
040 _aPPAK
_beng
_cPPAK
_erda
082 0 4 _a297.52
_223
090 0 0 _a297.52
_bPAN
_dG
245 0 0 _aPanduan solat lelaki dan wanita
264 1 _aKuala Lumpur :
_bProgressive Publishing House ,
_c2006
300 _av, 148 pages :
_billustrations ;
_c19 cm
336 _2rdacontent
_atext
337 _2rdamedia
_aunmediated
338 _2rdacarrier
_avolume
650 1 0 _aPrayer - Islam
942 _ddc
_cB
999 _c79027
_d79027